Qibla charts Qibla maps
| Published in: | The history of cartography, J.B. Harley and David Woodward, Chicago [etc.], P. 189-205 (1) |
|---|---|
| Main Authors: | , |
| Content type: | Article |
| Published: |
1992
|
| Source: | MPIPL_cat |
MARC
| LEADER | 00000naa a2200000 u 4500 | ||
|---|---|---|---|
| 001 | PL0053686 | ||
| 003 | PLI01000000000000000053366 | ||
| 005 | 00000000000000.0 | ||
| 008 | ||| u | ||
| 100 | 1 | |a King, David A. | |
| 245 | 0 | 0 | |a Qibla charts Qibla maps |c David A. King and Richard P. Lorch |
| 260 | |c 1992 | ||
| 700 | 1 | |a Lorch, Richard P. | |
| 773 | 0 | 8 | |t The history of cartography |a J.B. Harley and David Woodward |k 1 |d Chicago [etc.] |g P. 189-205 |w MPIPL_cat.PL0053654 |z 0-226-31635-1 |i In: |
| 952 | |h P. 189-205 | ||
| 996 | |a Aufsatz | ||
| 997 | |a book chapter | ||